|
|
|
|
| LEADER |
01022nam a2200241 a 4500 |
| 001 |
00026365 |
| 008 |
121227s2011 ii b 000 0 eng d |
| 020 |
|
|
|a 9788125042471
|
| 040 |
|
|
|a BD-DhAAL
|c BD-DhAAL
|
| 082 |
0 |
0 |
|a 822.912
|2 22
|
| 100 |
1 |
|
|a Shaw,Bernard.
|
| 245 |
1 |
0 |
|a Arms and the man :
|b an anti romantic comedy in three acts /
|c Bernard Shaw, with introduction and notes by A.C.Ward.
|
| 260 |
|
|
|a Hyderabad :
|b The English and Foreign Languages University ;
|b Orient BlackSwan,
|c 2011
|
| 300 |
|
|
|a xviii, 134 p. :
|c 23 cm.
|
| 490 |
|
|
|a A.C. Ward
|
| 504 |
|
|
|a Includes bibliographical references (p. [137])
|
| 541 |
|
|
|e 00026365
|
| 600 |
1 |
0 |
|a Shaw, Bernard
|d 1856-1950
|
| 650 |
|
0 |
|a English Drama.
|
| 700 |
1 |
|
|a Ward, A.C.
|
| 852 |
1 |
|
|a Ayesha Abed Library
|j General shelf
|
| 999 |
|
|
|c 13052
|d 13052
|
| 952 |
|
|
|0 0
|1 0
|2 ddc
|4 0
|6 822_912000000000000_SHA
|7 0
|9 21684
|a BRACUL
|b BRACUL
|c GEN
|d 2012-12-27
|e ENH
|l 1
|o 822.912 SHA
|p 3010026365
|r 2014-05-14
|s 2013-02-25
|t 1
|w 2012-12-26
|y BK
|x Transferred from ENH to Ayesha Abed library on 20/12/2023
|